LIBRARY ONLINE CATALOGUE

The Business environment / (Record no. 9439)

MARC details
000 -LEADER
fixed length control field 00772nam a22002412 4500
001 - CONTROL NUMBER
control field 0000020653
005 - DATE AND TIME OF LATEST TRANSACTION
control field 20151217152219.0
008 - FIXED-LENGTH DATA ELEMENTS--GENERAL INFORMATION
fixed length control field 110930s xx 000 0 eng d
020 ## - INTERNATIONAL STANDARD BOOK NUMBER
International Standard Book Number 0273678272 :
040 ## - CATALOGING SOURCE
Original cataloging agency KABU
Transcribing agency KABU
100 1# - MAIN ENTRY--PERSONAL NAME
Personal name Worthington, Ian.
-- 0000179857
245 14 - TITLE STATEMENT
Title The Business environment /
Statement of responsibility, etc. Ian Worthington and Chris Britton.
250 ## - EDITION STATEMENT
Edition statement 4th ed.
260 ## - PUBLICATION, DISTRIBUTION, ETC. (IMPRINT)
Place of publication, distribution, etc. Harlow, England :
Name of publisher, distributor, etc. Prentice Hall,
Date of publication, distribution, etc. 2003.
300 ## - PHYSICAL DESCRIPTION
Extent xxii, 510 p.
650 #0 - SUBJECT ADDED ENTRY--TOPICAL TERM
Topical term or geographic name as entry element Industrial management
Geographic subdivision Great Britain.
-- 0000179858
650 #0 - SUBJECT ADDED ENTRY--TOPICAL TERM
Topical term or geographic name as entry element Industrial policy
Geographic subdivision Great Britain.
-- 0000181136
650 #0 - SUBJECT ADDED ENTRY--TOPICAL TERM
Topical term or geographic name as entry element Business.
-- 0000149956
700 1# - ADDED ENTRY--PERSONAL NAME
Personal name Britton, Chris.
-- 0000179860
852 1# - LOCATION
-- p6450 KES
908 ## - PUT COMMAND PARAMETER (RLIN)
Put command parameter 110930
950 ## - LOCAL HOLDINGS (RLIN)
-- 1
Holdings
Withdrawn status Lost status Source of classification or shelving scheme Not for loan Home library Current library Date acquired Total Checkouts Full call number Barcode Date last seen Date last checked out Price effective from Koha item type
    Library of Congress Classification   Kabarak, Main Campus Kabarak, Main Campus 17/12/2015 1 HD70 .W67 2003 c. 1 21735 02/08/2024 15/07/2016 17/12/2015 General Collection